000 00642nam a22002057a 4500
005 20251108172039.0
008 250721s1980 xx 000 0 ara d
082 1 4 _a216/محم
100 1 _aعبد السلام، محمد أحمد
245 1 0 _aحكم القراءة للأموات :
_bهل يصل ثوابها إليهم .... /
250 _aط2
264 1 _aالقاهرة :
_bالمكتبة القيمة،
_c1980.
300 _a64ص
650 1 7 _aالإسلام
650 1 7 _aالفقه
650 1 7 _aالجنائز
700 1 _aالإستانبولي، محمود مهدي
_eتحقيق
942 _2ddc
_cBK
999 _c69074
_d69074